Statistics for Regions of the World

Click here to take the quiz!

General Stats

  • This quiz has been taken 136 times
  • The average score is 10 of 14

Answer Stats

CountriesRegions% Correct
Estonia, Latvia, LithuaniaBaltics
92%
Denmark, Norway, SwedenScandinavia
92%
Albania, Bosnia, Montenegro and some othersBalkans
86%
Saudi Arabia, Iran, Egypt and some othersMiddle East
86%
Belgium, Luxembourg, NetherlandsBenelux
85%
Costa Rica, Belize, Nicaragua and some othersCentral America
85%
Andorra, Portugal, SpainIberia
81%
Somalia, Eritrea, Ethiopia and DjiboutiHorn of Africa
76%
Saudi Arabia, Oman, Yemen and some othersArabia
71%
Azerbaijan, Armenia, Georgia and RussiaCaucasus
66%
Samoa, Tonga, TuvaluPolynesia
64%
Argentina, ChilePatagonia
57%
Micronesia, Kiribati, Nauru and some othersMicronesia
56%
Papua New Guinea, Solomon Islands, FijiMelanesia
46%

Score Distribution

Percentile by Number Answered

Percent of People with Each Score

Your Score History

You have not taken this quiz